000 00569nam a2200205 4500
001 143148
003 ES-MaACL
005 20230906200734.0
007 t|
008 070214s1961 sp r ||||1| cat d
100 1 _aSelles, Carmen F. de.
_9105328
245 1 0 _aPetita Historia d'Anglaterra /
_cCarme F. de Selles.
250 _a[1ª ed.].
260 _a[S. l. :
_bs. n.],
_c1961 (
_eGranollers :
_fGráf. Garrell)
300 _b134 p., 5 lám.
490 1 _a17 cm
830 0 _a17 cm
_9220542
852 _aES-MaACL
_jC-21233
_bR.49618
999 _c143148
_d143148